| 000 | 01613nam a2200421Ii 4500 | ||
|---|---|---|---|
| 001 | DIGEGALES0018 | ||
| 003 | NyNyDIG | ||
| 006 | m o d | ||
| 007 | cr ||||||||||| | ||
| 008 | 240220s2023 sp o 000 0bspa d | ||
| 035 | _a(OCoLC)1423251796 | ||
| 040 |
_aDGITA _beng _erda _epn _cDGITA |
||
| 020 |
_a9788419728357 _qeBook |
||
| 020 | _z9788419728272 | ||
| 043 | _ae-sp--- | ||
| 050 | 1 | 4 | _aHQ77.8 ebook |
| 100 | 1 |
_aBerr, Valentina, _d1993- _eauthor. |
|
| 245 | 1 | 3 |
_aLa respuesta a todo : _blo que preguntarías a una tía trans / _cautora Valentina Berr ; prólogo Alana S. Portero ; publicado por Editorial Egales. |
| 264 | 1 |
_aBarcelona ; _aMadrid : _bEditorial Egales, _c2023. |
|
| 300 | _a1 online resource. | ||
| 336 |
_atext _btxt _2rdacontent |
||
| 337 |
_acomputer _bc _2rdamedia |
||
| 338 |
_aonline resource _bcr _2rdacarrier |
||
| 347 |
_atext file _2rdaft |
||
| 347 | _bEPUB | ||
| 588 | 0 | _aOnline resource; title from ePub title page (Digitalia, viewed February 20, 2024) | |
| 650 | 0 |
_aTransgender women _zSpain _vBiography. |
|
| 650 | 0 | _aMale-to-female transsexuals. | |
| 655 | 7 |
_aBiographies. _2lcgft |
|
| 700 | 1 |
_aPortero, Alana, _econtributor agent of text. |
|
| 776 | 0 | 8 |
_iPrint version: _aBerr, Valentina, 1993-. _tRespuesta a todo. _dBarcelona ; Madrid : Editorial Egales, 2023 _z9788419728272 |
| 791 | 2 |
_aDigitalia (Firm), _edistributor. |
|
| 793 | 0 |
_gDigitalia eBook Collection: _aEditorial Egales |
|
| 830 | 0 | _aColección G. | |
| 856 | 4 | 0 |
_3Digitalia Hispánica _uhttps://www.digitaliapublishing.com/a/133376/ |
| 910 | _aPremium collection: 2024 | ||
| 942 | _cRAA | ||
| 999 |
_c282568 _d282568 |
||